[Event "Cheliabinsk Kurnosov Memorial rapid"]
[Site "Cheliabinsk"]
[Date "2017.09.08"]
[Round "3"]
[White "Kosteniuk, Alexandra"]
[Black "Vaseptsov, Maxim"]
[Result "1-0"]
[WhiteElo "2552"]
[BlackElo "2331"]
[PlyCount "91"]
[EventDate "2017.09.08"]
[EventType "swiss (rapid)"]
[EventRounds "11"]
[EventCountry "RUS"]
[SourceTitle "CBM 180 Extra"]
[Source "ChessBase"]
[SourceDate "2017.10.06"]
[SourceVersion "1"]
[SourceVersionDate "2017.10.06"]
[SourceQuality "1"]

1. e4 e5 2. Nf3 Nc6 3. Bc4 Bc5 4. c3 Nf6 5. d3 O-O 6. O-O d5 7. exd5 Nxd5 8.
Nbd2 Bg4 9. h3 Bh5 10. Ne4 Be7 11. Re1 Bg6 12. a4 a6 13. a5 Qd7 14. Qb3 Rfd8
15. Bg5 f6 16. Be3 Kh8 17. Nh4 Bf7 18. Bc5 Rab8 19. Bxe7 Ncxe7 20. Nc5 Qc6 21.
d4 Ng6 22. Nf3 Ngf4 23. Qa4 Qxa4 24. Rxa4 exd4 25. Nxd4 Kg8 26. Raa1 c6 27. h4
Ng6 28. g3 Ne5 29. Be2 Nd7 30. Nde6 Nxc5 31. Nxc5 g6 32. Rad1 b6 33. axb6 Nxb6
34. Nxa6 Rbc8 35. Nc5 Rb8 36. Bf3 Nc4 37. b4 Ne5 38. Bg2 Be8 39. f4 Ng4 40. Bf3
Nh6 41. Kf2 Kf7 42. Be2 Rxd1 43. Rxd1 Nf5 44. Bc4+ Kf8 45. Ra1 Bf7 46. Nd7+ 1-0

[Event "Cheliabinsk Kurnosov Memorial rapid"]
[Site "Cheliabinsk"]
[Date "2017.09.08"]
[Round "4"]
[White "Balashov, Yuri S"]
[Black "Kosteniuk, Alexandra"]
[Result "1/2-1/2"]
[WhiteElo "2447"]
[BlackElo "2552"]
[PlyCount "47"]
[EventDate "2017.09.08"]
[EventType "swiss (rapid)"]
[EventRounds "11"]
[EventCountry "RUS"]
[SourceTitle "CBM 180 Extra"]
[Source "ChessBase"]
[SourceDate "2017.10.06"]
[SourceVersion "1"]
[SourceVersionDate "2017.10.06"]
[SourceQuality "1"]

1. e4 c5 2. Nf3 e6 3. d4 cxd4 4. Nxd4 Nf6 5. Nc3 Nc6 6. Be2 Bb4 7. O-O Bxc3 8.
bxc3 Nxe4 9. Bd3 d5 10. Nxc6 bxc6 11. Ba3 c5 12. Bxe4 dxe4 13. Bxc5 Qd5 14. Qd4
Qxd4 15. cxd4 Kd7 16. f3 Ba6 17. Rfe1 exf3 18. gxf3 Rhb8 19. Rab1 Rb7 20. Rxb7+
Bxb7 21. Kf2 Bd5 22. Rb1 Kc8 23. a3 Rb8 24. Rb4 1/2-1/2

[Event "Cheliabinsk Kurnosov Memorial rapid"]
[Site "Cheliabinsk"]
[Date "2017.09.09"]
[Round "5"]
[White "Kosteniuk, Alexandra"]
[Black "Matsenko, Andrei"]
[Result "1-0"]
[WhiteElo "2552"]
[BlackElo "2281"]
[PlyCount "171"]
[EventDate "2017.09.08"]
[EventType "swiss (rapid)"]
[EventRounds "11"]
[EventCountry "RUS"]
[SourceTitle "CBM 180 Extra"]
[Source "ChessBase"]
[SourceDate "2017.10.06"]
[SourceVersion "1"]
[SourceVersionDate "2017.10.06"]
[SourceQuality "1"]

1. e4 c6 2. Nc3 d5 3. Nf3 Bg4 4. Be2 e6 5. d4 Nd7 6. h3 Bh5 7. Be3 dxe4 8. Nxe4
Ngf6 9. Nxf6+ Nxf6 10. Ne5 Bxe2 11. Qxe2 Bd6 12. O-O-O O-O 13. Kb1 Qc7 14. Bg5
Nd7 15. Rhe1 Rae8 16. Bc1 Nf6 17. g4 c5 18. dxc5 Bxc5 19. g5 Nd5 20. h4 Rd8 21.
Nd3 Qb6 22. Ka1 Nb4 23. Nxc5 Qxc5 24. c3 Nc6 25. h5 Qf5 26. Be3 Ne5 27. Bc5
Rfe8 28. Be3 Nd3 29. Rg1 b5 30. Bd4 Nf4 31. Qf3 e5 32. Bxa7 e4 33. Qe3 Nd3 34.
g6 fxg6 35. hxg6 h6 36. Rd2 Rd6 37. Rgd1 Qxg6 38. f3 Ra6 39. a3 Ne5 40. Qc5 e3
41. Re2 Nc4 42. Qxb5 Nxa3 43. bxa3 Rxa3+ 44. Ra2 Rxa2+ 45. Kxa2 e2 46. Re1 Qc2+
47. Ka3 Qxc3+ 48. Qb3+ Qxb3+ 49. Kxb3 Rf8 50. Rxe2 Rxf3+ 51. Kc4 h5 52. Kd4 Kh7
53. Ke4 Rf7 54. Be3 Rb7 55. Rg2 Re7+ 56. Kf3 Rf7+ 57. Bf4 Rf5 58. Ke4 Ra5 59.
Be5 Ra4+ 60. Bd4 Kh6 61. Ke5 Ra5+ 62. Ke6 g5 63. Kf6 h4 64. Be5 Ra6+ 65. Kf5
Ra5 66. Rb2 g4 67. Rb8 Ra7 68. Kxg4 Kg6 69. Rb6+ Kf7 70. Kxh4 Ra5 71. Bc3 Rc5
72. Bd2 Rd5 73. Bf4 Ra5 74. Kg4 Rc5 75. Kf3 Ra5 76. Ke4 Rc5 77. Be5 Ra5 78. Kf5
Ra7 79. Rh6 Rd7 80. Rh8 Re7 81. Bd6 Re1 82. Rh7+ Ke8 83. Be5 Rg1 84. Ke6 Rg6+
85. Bf6 Kf8 86. Ra7 1-0

[Event "Cheliabinsk Kurnosov Memorial rapid"]
[Site "Cheliabinsk"]
[Date "2017.09.09"]
[Round "6"]
[White "Kosteniuk, Alexandra"]
[Black "Chigaev, Maksim"]
[Result "1-0"]
[WhiteElo "2552"]
[BlackElo "2566"]
[PlyCount "91"]
[EventDate "2017.09.08"]
[EventType "swiss (rapid)"]
[EventRounds "11"]
[EventCountry "RUS"]
[SourceTitle "CBM 180 Extra"]
[Source "ChessBase"]
[SourceDate "2017.10.06"]
[SourceVersion "1"]
[SourceVersionDate "2017.10.06"]
[SourceQuality "1"]

1. e4 e6 2. d4 d5 3. Nc3 Bb4 4. e5 Ne7 5. a3 Bxc3+ 6. bxc3 b6 7. h4 Ba6 8. Bxa6
Nxa6 9. Qg4 Nf5 10. h5 Qd7 11. a4 c5 12. Ne2 h6 13. Ng3 O-O 14. Qe2 Nc7 15. Nf1
f6 16. g4 fxe5 17. gxf5 exd4 18. cxd4 exf5 19. Kd1 Rae8 20. Qd3 f4 21. Nd2 Qg4+
22. Qf3 Qf5 23. Bb2 Ne6 24. Qh3 Qf6 25. Nf3 cxd4 26. Rg1 Qe7 27. Nxd4 Ng5 28.
Qd3 Qf7 29. Qg6 Qd7 30. Nf3 Re6 31. Qd3 d4 32. Nxg5 hxg5 33. Kd2 Rfe8 34. Rge1
Qe7 35. Rxe6 Qxe6 36. Qb3 Kh7 37. Qxe6 Rxe6 38. Bxd4 Kh6 39. a5 Rd6 40. Kd3
Kxh5 41. axb6 axb6 42. Ra6 g4 43. Rxb6 Rd8 44. Ke4 g5 45. Bg7 Re8+ 46. Kf5 1-0

[Event "Cheliabinsk Kurnosov Memorial rapid"]
[Site "Cheliabinsk"]
[Date "2017.09.09"]
[Round "7"]
[White "Predke, Alexandr"]
[Black "Kosteniuk, Alexandra"]
[Result "0-1"]
[WhiteElo "2601"]
[BlackElo "2552"]
[PlyCount "66"]
[EventDate "2017.09.08"]
[EventType "swiss (rapid)"]
[EventRounds "11"]
[EventCountry "RUS"]
[SourceTitle "CBM 180 Extra"]
[Source "ChessBase"]
[SourceDate "2017.10.06"]
[SourceVersion "1"]
[SourceVersionDate "2017.10.06"]
[SourceQuality "1"]

1. e4 e5 2. Nf3 Nf6 3. Nxe5 d6 4. Nf3 Nxe4 5. d4 d5 6. Bd3 Bd6 7. Nc3 Nxc3 8.
bxc3 O-O 9. O-O Nd7 10. Re1 c5 11. Bg5 f6 12. Bh4 c4 13. Bf1 Re8 14. Rxe8+ Qxe8
15. Bg3 Bxg3 16. hxg3 Nb6 17. Qb1 Qa4 18. Qe1 Bf5 19. Qe7 Qd7 20. Qa3 Bxc2 21.
Re1 Be4 22. Nd2 Bf5 23. Re7 Qc6 24. Be2 Nc8 25. Re3 Nd6 26. Bf3 b6 27. Re7 a5
28. g4 Bc8 29. Nxc4 Nxc4 30. Bxd5+ Qxd5 31. Re8+ Kf7 32. Qf8+ Kg6 33. Re7 Qxg2+
0-1

[Event "Cheliabinsk Kurnosov Memorial rapid"]
[Site "Cheliabinsk"]
[Date "2017.09.09"]
[Round "8"]
[White "Yuffa, Daniil"]
[Black "Kosteniuk, Alexandra"]
[Result "1/2-1/2"]
[WhiteElo "2527"]
[BlackElo "2552"]
[PlyCount "38"]
[EventDate "2017.09.08"]
[EventType "swiss (rapid)"]
[EventRounds "11"]
[EventCountry "RUS"]
[SourceTitle "CBM 180 Extra"]
[Source "ChessBase"]
[SourceDate "2017.10.06"]
[SourceVersion "1"]
[SourceVersionDate "2017.10.06"]
[SourceQuality "1"]

1. d4 Nf6 2. c4 e6 3. g3 d5 4. Nf3 dxc4 5. Bg2 Nc6 6. O-O Rb8 7. Nc3 a6 8. e4
Be7 9. d5 Nb4 10. a3 Nd3 11. b3 exd5 12. exd5 Nxd5 13. Nxd5 Qxd5 14. bxc4 Qxc4
15. Bg5 f6 16. Nd2 Qg4 17. Nf3 Qc4 18. Nd2 Qg4 19. Nf3 Qc4 1/2-1/2

[Event "Cheliabinsk Kurnosov Memorial rapid"]
[Site "Cheliabinsk"]
[Date "2017.09.09"]
[Round "9"]
[White "Kosteniuk, Alexandra"]
[Black "Riazantsev, Alexander"]
[Result "1/2-1/2"]
[WhiteElo "2552"]
[BlackElo "2666"]
[PlyCount "22"]
[EventDate "2017.09.08"]
[EventType "swiss (rapid)"]
[EventRounds "11"]
[EventCountry "RUS"]
[SourceTitle "CBM 180 Extra"]
[Source "ChessBase"]
[SourceDate "2017.10.06"]
[SourceVersion "1"]
[SourceVersionDate "2017.10.06"]
[SourceQuality "1"]

1. e4 c6 2. d4 d5 3. Nd2 dxe4 4. Nxe4 Bf5 5. Ng3 Bg6 6. h4 h6 7. Nf3 Nd7 8. h5
Bh7 9. Bd3 Bxd3 10. Qxd3 e6 11. Bd2 Ngf6 1/2-1/2

[Event "Cheliabinsk Kurnosov Memorial rapid"]
[Site "Cheliabinsk"]
[Date "2017.09.10"]
[Round "10"]
[White "Bocharov, Ivan"]
[Black "Kosteniuk, Alexandra"]
[Result "0-1"]
[WhiteElo "2534"]
[BlackElo "2552"]
[PlyCount "118"]
[EventDate "2017.09.08"]
[EventType "swiss (rapid)"]
[EventRounds "11"]
[EventCountry "RUS"]
[SourceTitle "CBM 180 Extra"]
[Source "ChessBase"]
[SourceDate "2017.10.06"]
[SourceVersion "1"]
[SourceVersionDate "2017.10.06"]
[SourceQuality "1"]

1. e4 e5 2. Nf3 Nc6 3. Nc3 Nf6 4. Bb5 Bc5 5. d3 d6 6. Nd5 a6 7. Ba4 b5 8. Bb3
h6 9. a4 b4 10. Nxf6+ Qxf6 11. Bd5 Bd7 12. Be3 Rb8 13. Bxc5 dxc5 14. Bxc6 Bxc6
15. Nd2 O-O 16. Qg4 Qe7 17. O-O Bd7 18. Qg3 Rfe8 19. b3 Rb6 20. f4 Rg6 21. Qe3
exf4 22. Qxf4 Be6 23. Rf3 Qd6 24. Raf1 Qd4+ 25. R3f2 Qd6 26. Qe3 Qe7 27. Nc4
Qg5 28. Qxg5 Rxg5 29. Ne3 Re5 30. Rf4 f6 31. Nf5 Bxf5 32. Rxf5 Kf7 33. g4 c6
34. Kf2 h5 35. Rxh5 Rxh5 36. gxh5 Re5 37. h4 Rxh5 38. Kg3 Ke6 39. Kg4 g6 40.
Rf5 Rxh4+ 41. Kxh4 gxf5 42. Kg3 fxe4 43. dxe4 Ke5 44. Kf3 Kd4 45. Kf4 Kc3 46.
Kf5 Kxc2 47. Kxf6 Kxb3 48. e5 c4 49. e6 c3 50. e7 c2 51. e8=Q c1=Q 52. a5 Ka2
53. Qe4 b3 54. Ke6 Qc2 55. Qa4+ Kb1 56. Kd7 b2 57. Qf4 c5 58. Kc6 Ka2 59. Qf7+
c4 0-1

[Event "Paris Oscaro blitz"]
[Site "Paris"]
[Date "2017.09.16"]
[Round "1"]
[White "Louvrier Saint Mary, Jean Roger"]
[Black "Kosteniuk, Alexandra"]
[Result "0-1"]
[WhiteElo "1798"]
[BlackElo "2552"]
[PlyCount "76"]
[EventDate "2017.09.16"]
[EventType "swiss (blitz)"]
[EventRounds "9"]
[EventCountry "FRA"]
[SourceTitle "CBM 180 Extra"]
[Source "ChessBase"]
[SourceDate "2017.10.06"]
[SourceVersion "1"]
[SourceVersionDate "2017.10.06"]
[SourceQuality "1"]

1. b3 e5 2. Bb2 Nc6 3. e3 Nge7 4. g3 g6 5. Bg2 Bg7 6. Ne2 O-O 7. O-O d5 8. d3
Be6 9. Nd2 Qd7 10. Re1 a5 11. a3 Bh3 12. Bh1 f5 13. f4 Rae8 14. Nf3 Nc8 15. Rb1
Bg4 16. Qd2 Nb6 17. Bg2 exf4 18. Bxg7 fxe3 19. Qc3 Qxg7 20. Qxg7+ Kxg7 21. h3
Bxf3 22. Bxf3 g5 23. Nc3 Nd4 24. Bh5 Re5 25. Ne2 Nxe2+ 26. Rxe2 d4 27. Bf3 c6
28. b4 a4 29. b5 Rxb5 30. Rxb5 cxb5 31. Bxb7 Rb8 32. Bc6 Nc8 33. Bd7 Ne7 34. c4
bxc4 35. dxc4 f4 36. gxf4 gxf4 37. Kg2 d3 38. Re1 d2 0-1

[Event "Paris Oscaro blitz"]
[Site "Paris"]
[Date "2017.09.16"]
[Round "2"]
[White "Kosteniuk, Alexandra"]
[Black "Housieaux, David"]
[Result "1-0"]
[WhiteElo "2552"]
[BlackElo "2404"]
[PlyCount "53"]
[EventDate "2017.09.16"]
[EventType "swiss (blitz)"]
[EventRounds "9"]
[EventCountry "FRA"]
[SourceTitle "CBM 180 Extra"]
[Source "ChessBase"]
[SourceDate "2017.10.06"]
[SourceVersion "1"]
[SourceVersionDate "2017.10.06"]
[SourceQuality "1"]

1. e4 e6 2. d4 d5 3. Nc3 Bb4 4. e5 Ne7 5. a3 Bxc3+ 6. bxc3 b6 7. Qg4 Ng6 8. h4
h5 9. Qd1 Qd7 10. a4 Ba6 11. Bxa6 Nxa6 12. Qd3 Nb8 13. Ne2 Nc6 14. Ng3 Na5 15.
Qf3 Qc6 16. Bd2 Qc4 17. Nxh5 Rh7 18. g3 c5 19. Nf4 Nxf4 20. Qxf4 cxd4 21. Qxd4
Rc8 22. Qxc4 Rxc4 23. O-O Kd7 24. Rfb1 Rg4 25. Kf1 Nc4 26. Bc1 Nxe5 27. a5 1-0

[Event "Paris Oscaro blitz"]
[Site "Paris"]
[Date "2017.09.16"]
[Round "3"]
[White "Nedev, Tanio"]
[Black "Kosteniuk, Alexandra"]
[Result "0-1"]
[WhiteElo "2148"]
[BlackElo "2552"]
[PlyCount "140"]
[EventDate "2017.09.16"]
[EventType "swiss (blitz)"]
[EventRounds "9"]
[EventCountry "FRA"]
[SourceTitle "CBM 180 Extra"]
[Source "ChessBase"]
[SourceDate "2017.10.06"]
[SourceVersion "1"]
[SourceVersionDate "2017.10.06"]
[SourceQuality "1"]

1. d4 Nf6 2. c4 e6 3. Nc3 Bb4 4. Qb3 a5 5. a3 Bxc3+ 6. Qxc3 O-O 7. Bg5 h6 8.
Bxf6 Qxf6 9. Nf3 b6 10. e3 Bb7 11. Be2 d6 12. O-O Nd7 13. b4 Qg6 14. c5 dxc5
15. bxc5 Be4 16. Ne1 bxc5 17. dxc5 Qg5 18. Bf3 Bxf3 19. Nxf3 Qxc5 20. Qxc5 Nxc5
21. Rac1 Na6 22. Rfd1 Rfd8 23. Nd4 Rd5 24. e4 Rc5 25. Nb3 Rb5 26. Nd4 Rc5 27.
Nb3 Rxc1 28. Rxc1 a4 29. Nd4 Rd8 30. Nb5 c6 31. Nc3 Rd4 32. f3 Rc4 33. Kf2 Nc5
34. Ke3 Nb3 35. Rc2 c5 36. Kd3 Rd4+ 37. Ke3 Kf8 38. Ne2 Rd1 39. Rc4 Re1 40. Kf2
Ra1 41. Rxa4 Ra2 42. Ke3 Nd2 43. Nc3 Nf1+ 44. Kd3 Rd2+ 45. Kc4 Rxg2 46. Ra8+
Ke7 47. Ra7+ Kf6 48. a4 Nd2+ 49. Kxc5 Nxf3 50. a5 Rc2 51. Kb4 Nd4 52. e5+ Kxe5
53. Rxf7 Nc6+ 54. Kb3 Rc1 55. Kb2 Rh1 56. Rxg7 Rxh2+ 57. Ka3 Nxa5 58. Kb4 Nc6+
59. Kc5 Nd4 60. Rd7 Nf5 61. Nb5 Rc2+ 62. Kb4 h5 63. Rh7 h4 64. Nc3 Rh2 65. Nd1
h3 66. Ne3 Nxe3 67. Rh5+ Nf5 68. Kc4 Kf4 69. Kd3 Kg4 70. Rh7 Ra2 0-1

[Event "Paris Oscaro blitz"]
[Site "Paris"]
[Date "2017.09.16"]
[Round "4"]
[White "Kosteniuk, Alexandra"]
[Black "Sochacki, Christophe"]
[Result "1-0"]
[WhiteElo "2552"]
[BlackElo "2471"]
[PlyCount "97"]
[EventDate "2017.09.16"]
[EventType "swiss (blitz)"]
[EventRounds "9"]
[EventCountry "FRA"]
[SourceTitle "CBM 180 Extra"]
[Source "ChessBase"]
[SourceDate "2017.10.06"]
[SourceVersion "1"]
[SourceVersionDate "2017.10.06"]
[SourceQuality "1"]

1. e4 e6 2. d4 d5 3. Nc3 Nf6 4. Bg5 Bb4 5. e5 h6 6. Bc1 Nfd7 7. a3 Be7 8. f4 c5
9. Nf3 Nc6 10. Be3 a6 11. Qd2 b5 12. Bd3 Qb6 13. Qf2 c4 14. Be2 b4 15. axb4
Qxb4 16. Rb1 a5 17. O-O Nb6 18. Bd2 Ra7 19. Nxd5 Qb5 20. Nxb6 Qxb6 21. Bxc4 O-O
22. c3 a4 23. Be3 Ra5 24. Bd3 Qb3 25. Bc2 Qb5 26. Nd2 Ba6 27. f5 exf5 28. Qxf5
g6 29. Qh3 h5 30. Qg3 Qe2 31. Rf2 Qg4 32. Qxg4 hxg4 33. Ne4 Rb8 34. Nf6+ Kg7
35. Nxg4 Bc4 36. Be4 Na7 37. Ra1 Nb5 38. Bh6+ Kg8 39. Nf6+ Kh8 40. h4 a3 41.
bxa3 Nxc3 42. Bf3 Rxa3 43. Rxa3 Rb1+ 44. Kh2 Bxa3 45. Rc2 Bb4 46. Bd2 Rb3 47.
d5 Kg7 48. d6 Bd3 49. d7 1-0

[Event "Paris Oscaro blitz"]
[Site "Paris"]
[Date "2017.09.16"]
[Round "5"]
[White "Barbot, Pierre"]
[Black "Kosteniuk, Alexandra"]
[Result "1-0"]
[WhiteElo "2440"]
[BlackElo "2552"]
[PlyCount "73"]
[EventDate "2017.09.16"]
[EventType "swiss (blitz)"]
[EventRounds "9"]
[EventCountry "FRA"]
[SourceTitle "CBM 180 Extra"]
[Source "ChessBase"]
[SourceDate "2017.10.06"]
[SourceVersion "1"]
[SourceVersionDate "2017.10.06"]
[SourceQuality "1"]

1. d4 Nf6 2. c4 e6 3. Nf3 Bb4+ 4. Nbd2 O-O 5. a3 Be7 6. e4 d6 7. Bd3 e5 8. O-O
Nbd7 9. b3 exd4 10. Nxd4 Nc5 11. Bc2 a5 12. Bb2 Re8 13. Re1 Bf8 14. h3 g6 15.
b4 Ne6 16. N2b3 axb4 17. axb4 Rxa1 18. Qxa1 Bg7 19. c5 Nf4 20. Nf3 d5 21. e5
N6h5 22. Qc1 Ne6 23. Nbd4 Nhf4 24. Nxe6 Nxe6 25. Nd4 Qh4 26. Qe3 Nf4 27. Nf3
Nxh3+ 28. gxh3 Qxh3 29. Qf4 Qh5 30. Ng5 f6 31. Nf3 fxe5 32. Nxe5 Rf8 33. Qg3
Bf5 34. Bb3 c6 35. b5 Be4 36. Rxe4 Bxe5 37. Rxe5 1-0

[Event "Paris Oscaro blitz"]
[Site "Paris"]
[Date "2017.09.16"]
[Round "6"]
[White "Kosteniuk, Alexandra"]
[Black "Karagyozian, Edgar"]
[Result "1-0"]
[WhiteElo "2552"]
[BlackElo "2225"]
[PlyCount "101"]
[EventDate "2017.09.16"]
[EventType "swiss (blitz)"]
[EventRounds "9"]
[EventCountry "FRA"]
[SourceTitle "CBM 180 Extra"]
[Source "ChessBase"]
[SourceDate "2017.10.06"]
[SourceVersion "1"]
[SourceVersionDate "2017.10.06"]
[SourceQuality "1"]

1. e4 d5 2. exd5 Nf6 3. Bb5+ Bd7 4. Be2 Nxd5 5. d4 e6 6. Nf3 c5 7. O-O cxd4 8.
Nxd4 Be7 9. Nf5 O-O 10. Nxe7+ Qxe7 11. c4 Nf6 12. Nc3 h6 13. Bf4 e5 14. Be3 Be6
15. a3 Nc6 16. b4 Rfd8 17. Qc2 Nd4 18. Bxd4 exd4 19. Na4 Rac8 20. Nc5 b6 21.
Nxe6 fxe6 22. Bd3 e5 23. Rae1 Qd6 24. Qb3 Kh8 25. f3 Re8 26. Re2 Re7 27. Rfe1
Rce8 28. Qc2 a5 29. c5 Qc7 30. cxb6 Qxb6 31. Qc5 Qxc5 32. bxc5 Nd7 33. c6 Nf6
34. Rc1 Rc7 35. Rc5 a4 36. Bb5 Kg8 37. Rexe5 Rb8 38. Kf2 Kf7 39. Ke2 g5 40. Kd3
Ra7 41. Kxd4 Rd8+ 42. Ke3 Rc7 43. Bxa4 Ra8 44. Ra5 Rb8 45. Rab5 Rd8 46. Rb7
Rxb7 47. cxb7 Rb8 48. Bc6 g4 49. a4 gxf3 50. gxf3 Nh7 51. a5 1-0

[Event "Paris Oscaro blitz"]
[Site "Paris"]
[Date "2017.09.16"]
[Round "7"]
[White "Ternault, Mathieu"]
[Black "Kosteniuk, Alexandra"]
[Result "1-0"]
[WhiteElo "2361"]
[BlackElo "2552"]
[PlyCount "111"]
[EventDate "2017.09.16"]
[EventType "swiss (blitz)"]
[EventRounds "9"]
[EventCountry "FRA"]
[SourceTitle "CBM 180 Extra"]
[Source "ChessBase"]
[SourceDate "2017.10.06"]
[SourceVersion "1"]
[SourceVersionDate "2017.10.06"]
[SourceQuality "1"]

1. b3 e5 2. Bb2 Nc6 3. e3 Nge7 4. c4 d5 5. cxd5 Nxd5 6. a3 Bd6 7. Nc3 Nxc3 8.
Bxc3 O-O 9. Qc2 Qe7 10. Bc4 Bxa3 11. Nf3 Bd6 12. h4 h6 13. Qe4 Kh8 14. g4 f5
15. gxf5 Bxf5 16. Qd5 Rad8 17. Ng5 Nb4 18. Bxb4 Bxb4 19. Nf7+ Rxf7 20. Qxf7
Qxf7 21. Bxf7 Rxd2 22. O-O a5 23. h5 Bg4 24. Kg2 e4 25. Kg3 Bf3 26. Kf4 Rd7 27.
Bg6 Rd5 28. Bxe4 Bxe4 29. Kxe4 Rxh5 30. Rad1 Bd6 31. f4 Rb5 32. Rd3 Kg8 33. Kf3
Kf7 34. e4 h5 35. Rc1 Ke6 36. e5 Bc5 37. Ke4 Rb4+ 38. Rc4 Rxc4+ 39. bxc4 a4 40.
f5+ Ke7 41. Kd5 b6 42. Rg3 Kf8 43. Ke6 a3 44. Rd3 Kg8 45. Rd2 h4 46. f6 gxf6
47. exf6 Bd6 48. f7+ Kf8 49. Rg2 Bg3 50. Rd2 Bd6 51. c5 bxc5 52. Ra2 c4 53. Rg2
Bg3 54. Rd2 Bd6 55. Rd5 a2 56. Rg5 1-0

[Event "Paris Oscaro blitz"]
[Site "Paris"]
[Date "2017.09.16"]
[Round "9"]
[White "Ariza, Thomas"]
[Black "Kosteniuk, Alexandra"]
[Result "0-1"]
[WhiteElo "2207"]
[BlackElo "2552"]
[PlyCount "60"]
[EventDate "2017.09.16"]
[EventType "swiss (blitz)"]
[EventRounds "9"]
[EventCountry "FRA"]
[SourceTitle "CBM 180 Extra"]
[Source "ChessBase"]
[SourceDate "2017.10.06"]
[SourceVersion "1"]
[SourceVersionDate "2017.10.06"]
[SourceQuality "1"]

1. Nf3 Nf6 2. c4 e6 3. g3 d5 4. Bg2 dxc4 5. Qa4+ Nbd7 6. Qxc4 a6 7. a4 b5 8.
Qc2 Bb7 9. axb5 axb5 10. Rxa8 Bxa8 11. O-O c5 12. d3 Be7 13. Bf4 O-O 14. Nc3
Qb6 15. h3 Bc6 16. Be3 b4 17. Ne4 Nxe4 18. dxe4 b3 19. Qc3 Bxe4 20. Nd2 Bxg2
21. Kxg2 Rb8 22. Nc4 Qb4 23. Qc1 Nf6 24. Bf4 Rd8 25. Bd2 Qb7+ 26. Kh2 Nd5 27.
e4 Nb4 28. f3 Nd3 29. Qb1 Qb5 30. Ne3 Bf6 0-1

[Event "Douglas IoM op"]
[Site "Douglas"]
[Date "2017.09.23"]
[Round "1"]
[White "Kosteniuk, Alexandra"]
[Black "Hou, Yifan"]
[Result "1/2-1/2"]
[WhiteElo "2552"]
[BlackElo "2670"]
[PlyCount "146"]
[EventDate "2017.09.23"]
[EventType "swiss"]
[EventRounds "9"]
[EventCountry "IOM"]
[SourceTitle "CBM 181"]
[Source "ChessBase"]
[SourceDate "2017.11.10"]
[SourceVersion "1"]
[SourceVersionDate "2017.11.10"]
[SourceQuality "1"]

1. e4 c5 2. Nf3 e6 3. d4 cxd4 4. Nxd4 Nf6 5. Nc3 d6 6. g4 h6 7. h3 Nc6 8. Be3
Bd7 9. f4 Be7 10. Nf3 d5 11. exd5 Nxd5 12. Nxd5 exd5 13. Bg2 d4 14. Nxd4 Bh4+
15. Bf2 Qe7+ 16. Kf1 Bxf2 17. Kxf2 O-O-O 18. Qf3 Qc5 19. Rhd1 h5 20. gxh5 Be6
21. Qc3 Qxc3 22. bxc3 Rxh5 23. Nxe6 fxe6 24. Rxd8+ Kxd8 25. Rg1 Ne7 26. Bxb7
Rxh3 27. Bf3 Rh2+ 28. Rg2 Rxg2+ 29. Bxg2 Kc7 30. Ke3 Kd6 31. Kd4 Nf5+ 32. Ke4
Ng3+ 33. Kf3 Nf5 34. Ke4 Ng3+ 35. Kd3 Nh5 36. Ke3 Nf6 37. c4 Nd7 38. Kd4 Nc5
39. Bf3 Nd7 40. Bh5 Nc5 41. Be8 Nb7 42. a4 Nc5 43. a5 Nb7 44. c5+ Nxc5 45. Kc4
Na6 46. Bh5 Nc7 47. Bf3 Na6 48. Bg2 Nc7 49. Bb7 Ne8 50. Kd4 Nf6 51. Bf3 Nd7 52.
Bg2 e5+ 53. fxe5+ Nxe5 54. a6 Nd7 55. Bf1 Nc5 56. Bb5 Ne6+ 57. Ke4 Kc5 58. Ke5
Nc7 59. Bd3 Kb6 60. Kd6 g5 61. Be2 Nb5+ 62. Ke5 Kxa6 63. Kf5 Kb6 64. Kxg5 Kc5
65. Kf4 Nc3 66. Ke3 a5 67. Kd2 Kb4 68. Bh5 a4 69. Kc1 a3 70. Bf7 Kc5 71. Bb3
Kd4 72. Bf7 Ke3 73. Bb3 Kd4 1/2-1/2

[Event "Douglas IoM op"]
[Site "Douglas"]
[Date "2017.09.24"]
[Round "2"]
[White "Watson, John L"]
[Black "Kosteniuk, Alexandra"]
[Result "0-1"]
[WhiteElo "2247"]
[BlackElo "2552"]
[PlyCount "66"]
[EventDate "2017.09.23"]
[EventType "swiss"]
[EventRounds "9"]
[EventCountry "IOM"]
[SourceTitle "CBM 181"]
[Source "ChessBase"]
[SourceDate "2017.11.10"]
[SourceVersion "1"]
[SourceVersionDate "2017.11.10"]
[SourceQuality "1"]

1. d4 Nf6 2. c4 e6 3. Nc3 Bb4 4. e3 O-O 5. Bd3 d5 6. Nf3 b6 7. a3 Bxc3+ 8. bxc3
dxc4 9. Bxc4 c5 10. O-O Qc7 11. Bd3 Bb7 12. c4 Nbd7 13. Bb2 Rac8 14. Rc1 Rfd8
15. Qe2 h6 16. h3 cxd4 17. exd4 Qf4 18. Nd2 Qh4 19. Kh2 Qh5 20. Qxh5 Nxh5 21.
g3 Nhf6 22. f4 Rc7 23. Nf3 Ba6 24. a4 Nc5 25. Be2 Nb3 26. Rc2 Nd5 27. Rb1 Nb4
28. Rc3 Na5 29. Ba1 Nbc6 30. Rc2 Ne7 31. Nd2 Nf5 32. Nf3 Bb7 33. c5 Be4 0-1

[Event "Douglas IoM op"]
[Site "Douglas"]
[Date "2017.09.25"]
[Round "3"]
[White "Kosteniuk, Alexandra"]
[Black "Naiditsch, Arkadij"]
[Result "1/2-1/2"]
[WhiteElo "2552"]
[BlackElo "2702"]
[PlyCount "190"]
[EventDate "2017.09.23"]
[EventType "swiss"]
[EventRounds "9"]
[EventCountry "IOM"]
[SourceTitle "CBM 181"]
[Source "ChessBase"]
[SourceDate "2017.11.10"]
[SourceVersion "1"]
[SourceVersionDate "2017.11.10"]
[SourceQuality "1"]

1. e4 e6 2. d4 d5 3. Nc3 Nf6 4. e5 Nfd7 5. f4 c5 6. Nf3 Nc6 7. Be3 a6 8. Qd2 b5
9. Bd3 Qb6 10. Qf2 Bb7 11. O-O h6 12. Kh1 O-O-O 13. dxc5 Bxc5 14. Bxc5 Nxc5 15.
a4 b4 16. Ne2 d4 17. Rfd1 g5 18. Nd2 Na5 19. Ng3 gxf4 20. Qxf4 b3 21. Rac1 Kb8
22. Nde4 bxc2 23. Bxc2 Ncb3 24. Rb1 Qc6 25. Qf2 Rc8 26. Bd3 Rc7 27. Nd6 f5 28.
Nxb7 Nxb7 29. Ne2 Rg8 30. Qf3 Qxa4 31. Nf4 N7c5 32. Bc2 Qc4 33. Bxb3 Nxb3 34.
Qd3 a5 35. Qh3 Rg4 36. Qxh6 d3 37. Nxd3 Qe4 38. Ne1 Qe2 39. h3 Rd4 40. Rxd4
Qf1+ 41. Kh2 Nxd4 42. Qe3 Rc4 43. Rd1 Qe2 44. Qxe2 Nxe2 45. Nf3 Kc8 46. Rd6 Rb4
47. Rd2 Nf4 48. Nd4 a4 49. Nf3 Nd5 50. Rd4 Rxb2 51. Rxa4 Ne3 52. Ra8+ Kd7 53.
Rg8 Ke7 54. Rg7+ Kf8 55. Rg6 Kf7 56. Rf6+ Ke7 57. Nh4 Kd7 58. Kg1 Re2 59. Rg6
Nc4 60. Rg7+ Ke8 61. Ng6 Nxe5 62. Nf4 Re1+ 63. Kf2 Re4 64. g3 Nd7 65. Nh5 Ra4
66. Nf4 Nc5 67. h4 Ne4+ 68. Ke1 e5 69. Nd3 Kf8 70. Rg6 Ra5 71. Re6 Ra1+ 72. Ke2
Nxg3+ 73. Kf2 e4 74. Kxg3 exd3 75. Rd6 Rd1 76. Kf3 Ke7 77. Rd4 Kf6 78. Ke3 Re1+
79. Kf2 Re2+ 80. Kf3 Rh2 81. Rxd3 Rh3+ 82. Ke2 Rxh4 83. Kf2 Ra4 84. Rb3 Ra2+
85. Kf3 Kg5 86. Kg3 Ra1 87. Rc3 Re1 88. Kf2 Re4 89. Rg3+ Rg4 90. Kf3 Kh4 91.
Rxg4+ fxg4+ 92. Kg2 g3 93. Kg1 Kh3 94. Kh1 g2+ 95. Kg1 Kg3 1/2-1/2